000 00483cam a2200193ua 4500
020 _c77.50
041 _aeng
_h
082 _a593.9
_bHYM/IN
100 _aHyman, Libbie Henrietta .
245 _aInvertebrates, Vol 4 /
_cLibbie Henrietta Hyman.
_hTextual Documents
250 _a1 /
_b.
260 _aNew York :
_bMcGraw Hill Book Company ,
_c1955.
300 _a763 ; .
362 0 _aVol 4-
365 _a77.50
504 _a
942 _cBK
999 _c10839
_d10839